Capital cities beginning with D - Statistics

General Stats
  • This quiz has been taken 131 times
  • The average score is 7 of 9
Answer Stats
Answer % Correct
Dakar
85%
Dhaka
82%
Dublin
77%
Dushanbe
76%
Doha
75%
Dili
72%
Djibouti
72%
Damascus
70%
Dodoma
69%
No matching quizzes found
Score Distribution
Percent of People with Each Score
Percentile by Number Answered
Your Score History
You have not taken this quiz